| 000 | 00623nam a2200205 i 4500 | ||
|---|---|---|---|
| 001 | 112740 | ||
| 003 | ES-MaACL | ||
| 005 | 20250905133305.0 | ||
| 007 | t| | ||
| 008 | 061121s1973 sp |||| | spa d | ||
| 080 | _a821.111(417)-31"19" | ||
| 100 | 1 |
_aMurdoch, Iris. _984562 |
|
| 245 | 1 | 3 |
_aEl sueño de Bruno / _cIris Murdoch ; [traducción de Angela Pérez y José Manuel Álvarez]. |
| 260 |
_aBarcelona : _bLumen, _c1973. |
||
| 300 |
_a345 p. ; _c19 cm. |
||
| 700 | 1 |
_aPérez Gómez, Ángela _990555 |
|
| 700 | 1 |
_aÁlvarez Flórez, José Manuel. _920809 |
|
| 852 |
_aES-MaACL _jC-52042 |
||
| 999 |
_c112740 _d112740 |
||